000 00376nam a2200145Ia 4500
008 220216s9999 xx 000 0 und d
100 _aBenter Maike
245 0 _aNew opportunities for using silicone rubber
260 _bRubber World
_c2007
300 _a16-18
650 _aSilicone rubber
700 _aAndersen Thomas Emil
700 _aJensen Anne-Marie
942 _cJS
999 _c63864
_d63864